Statistics for Top 10 U.S. States by Solar Power

Click here to take the quiz!

General Stats

  • This quiz has been taken 8,736 times
  • The average score is 7 of 10

Answer Stats

Megawatts State % Correct
13,243California
99%
534Texas
96%
2,303Arizona
88%
1,240Nevada
84%
638New York
77%
544Colorado
72%
564Hawaii
65%
2,087North Carolina
38%
1,020Massachusetts
37%
1,632New Jersey
34%

Score Distribution

Percentile by Number Answered

Percent of People with Each Score

Your Score History

You have not taken this quiz